|
|
|
|
| LEADER |
00747nab a2200193 i 4500 |
| 001 |
misc12353 |
| 005 |
20191106141613.0 |
| 008 |
170607s1970 hu o 0|| hun d |
| 022 |
|
|
|a 0025-0260
|
| 040 |
|
|
|a SZTE Miscellanea Repozitórium
|b hun
|
| 041 |
|
|
|a hun
|
| 100 |
1 |
|
|a Ábent Ferenc
|
| 245 |
1 |
0 |
|a Comenius-emlékülés Eperjesen
|h [elektronikus dokumentum] /
|c Ábent Ferenc
|
| 260 |
|
|
|c 1970
|
| 300 |
|
|
|a 472
|
| 490 |
0 |
|
|a Magyar pedagógia : a Magyar Tudományos Akadémia Pedagógiai Bizottságának folyóirata
|v 70 No. 4
|
| 695 |
|
|
|a Comenius, Johannes Amos, Tudományos emlékülés
|
| 710 |
|
|
|a "Komensky és Szlovákia", 1970. szeptember 15—16, Eperjes
|
| 856 |
4 |
0 |
|u http://misc.bibl.u-szeged.hu/12353/1/mp_1970_004_472.pdf
|z Dokumentum-elérés
|